Rakott utak és Biasini
Elmentve itt :
| Szerző: | |
|---|---|
| Adatforrás: | Meister |
| Forrásdokumentuma: | Helikon. - 10 sz., 1993, 19 p. |
| Nyelv: | magyar |
| Kulcsszavak: | várostörténet Kolozsvár KŐVÁRY László BIASINI Gaetan Keresztény Magvető Erdélyi Hiradó |
| LEADER | 00476nab a2200181 i 4500 | ||
|---|---|---|---|
| 001 | bibPRO00007997 | ||
| 008 | 060524s1993 xx hun | ||
| 040 | |a Sz1 | ||
| 041 | |a hun | ||
| 100 | 1 | |a ERŐS László | |
| 245 | 1 | 0 | |a Rakott utak és Biasini |c ERŐS László |
| 695 | |a várostörténet | ||
| 695 | |a Kolozsvár | ||
| 695 | |a KŐVÁRY László | ||
| 695 | |a BIASINI Gaetan | ||
| 695 | |a Keresztény Magvető | ||
| 695 | |a Erdélyi Hiradó | ||
| 773 | 0 | |t Helikon. - |g 10 sz., 1993, 19 p. | |